000 00404nam a2200133Ia 4500
008 231129s2012||||xx |||||||||||||| ||spa||
020 _a978-958-722-170-1
040 _bspa
082 _a362.290986132 Z91
245 0 _aZou: zona de orientación universitaria
260 _c2012
264 _aPereira Colombia : Universidad Tecnológica: Publiprint
942 _2ddc
_cBKS
999 _c26552
_d26552